| 000 | 01162nam a22002537i 4500 | ||
|---|---|---|---|
| 999 |
_c22799 _d22799 |
||
| 003 | AR-CdUCM | ||
| 008 | 240315b20232023pe ||||| |||| 00| 0 spa d | ||
| 040 |
_aMUNICIPALIDAD PROVINCIAL DEL CUSCO _cBIBLIOTECA MUNICIPAL DEL CUSCO |
||
| 041 | _hspa | ||
| 082 |
_a376.51 / B37 _bB37 |
||
| 100 |
_aBéjar Quispe, José _96070 |
||
| 245 |
_aHistoria de la Facultad de Derecho y Ciencias Políticas de la UNSAAC : _bLos Orígenes del Estado de Derecho / |
||
| 260 |
_a Cusco : _bDanny`s Graff E.I.R.L., _c2023 |
||
| 300 |
_a217 páginas. : _c21 cm. |
||
| 500 | _zBibliografía: páginas 207-212 | ||
| 505 | _aFundación de la Facultad de Derecho -- Facultad de Derecho en el siglo XX -- Profesores destacados -- Orígenes del estado de derecho -- Introducción al pensamiento filosófico y político de Platón -- El estado de derecho -- Importancia del estado de derecho en la convivencia humana. | ||
| 650 |
_aFundación de la facultad de derecho _949492 |
||
| 650 |
_aDocentes UNSAAC _949493 |
||
| 650 |
_aEstado de derecho _95266 |
||
| 650 |
_aPlatón _917186 |
||
| 650 |
_aFilósofos modernos _949494 |
||
| 942 |
_2ddc _cLIBROS |
||
| 945 |
_apbj _d15-03-2024 |
||